000
00245nam a22001217a 4500
999
_c
67084
_d
67081
082
_a
JOH
100
_a
John,Ridley
245
_a
Safety Al Work
250
_a
7th Edition
260
_a
New York
_b
Elserire
_c
2008
300
_a
1030p
942
_c
BK